000
00332nam a2200133Ia 4500
008
240624s9999 xx 000 0 und d
041
_a
eng
082
_a
519.5 LIN
100
_a
LINDSTROM ERIK
245
_a
STATISTICS FOR FINANCE
260
_c
2015
_a
London
_b
CRC Press
300
_a
xvii, : 365 : p. : cm. ; 23
365
_c
GBP
_b
30
999
_c
27488
_d
27488